The 1975 - fallingforyou lyrics - Statistics

General Stats
  • This quiz has been taken 81 times
  • The average score is 234 of 267
Answer Stats
Answer % Correct
do
100%
don't
100%
Don't
100%
falling
100%
falling)
100%
for
100%
I
100%
(I
100%
I'm
100%
me
100%
me?
100%
then
100%
think
100%
you
100%
You
100%
a
98%
When
98%
your
98%
see
96%
the
96%
The
96%
need
93%
on
93%
so
93%
We
93%
we
93%
All
91%
all
91%
and
91%
And
91%
be
91%
my
91%
My
91%
to
91%
friend
89%
is
89%
kiss
89%
light
89%
no
89%
want
89%
house
87%
wanna
87%
in
85%
it
85%
said
85%
time
85%
What
85%
coming
83%
neck
83%
night
83%
bike
78%
down
78%
this
78%
you're
78%
around
76%
excited
76%
I'll
76%
losing
76%
started
76%
now
74%
out?
74%
we'll
74%
with
74%
again
72%
closer
72%
height
72%
if
72%
If
72%
sitting
72%
between
70%
day
70%
enormous
70%
fancy
70%
lines
70%
might
70%
need's
70%
of
70%
read
70%
you'll
70%
eyes
67%
leg
67%
look
67%
Maybe
67%
maybe?
67%
never
67%
"Oh
67%
oh
67%
one
67%
right
67%
touched
67%
alive
65%
make
65%
mind
65%
change
63%
feeling
63%
it's
63%
someday
63%
at
61%
fine"
61%
knock
61%
not
61%
round
61%
take
61%
smoke
59%
til
59%
will
59%
coat
57%
heart
57%
mine
57%
Soon
57%
caught
54%
According
52%
but
52%
deliberate
52%
place
50%
arms
43%
gets
28%
No matching quizzes found
Score Distribution
Percent of People with Each Score
Percentile by Number Answered
Your Score History
You have not taken this quiz